[Event "IECG CP.2006.P.00020 email"]
[Site "IECG email"]
[Date "2006.10.01"]
[Round "?"]
[White "Behal, Jaromir"]
[Black "Jara, Julio Cesar"]
[Result "0-1"]
[WhiteElo "1435"]
[BlackElo "800"]
[PlyCount "38"]
[EventDate "2006.10.01"]
[EventType "tourn (corr)"]
[EventRounds "6"]
[SourceTitle "Corr 2011"]
[Source "ChessBase"]
[SourceDate "2010.08.31"]
[SourceVersion "1"]
[SourceVersionDate "2010.08.31"]
[SourceQuality "1"]

1. e4 e5 2. Nc3 Nf6 3. f4 exf4 4. Nf3 d5 5. e5 Ne4 6. d3 Nxc3 7. bxc3 g5 8. d4 g4 9. Ng1 Qh4+ 10. Kd2 Bh6 11. c4 dxc4 12. Kc3 c5 13. Bxc4 cxd4+ 14. Qxd4 Nc6 15. Qe4 Qe7 16. Bxf4 Bf5 17. Qxf5 Qb4+ 18. Kd3 Rd8+ 19. Ke2 Nd4+ 0-1

[Event "IECG CB.2004.0.00122 email"]
[Site "IECG email"]
[Date "2004.09.15"]
[Round "?"]
[White "Behal, Jaromir"]
[Black "Fischer, Robert"]
[Result "0-1"]
[WhiteElo "1800"]
[BlackElo "1848"]
[PlyCount "52"]
[EventDate "2004.09.15"]
[EventType "tourn (corr)"]
[EventRounds "6"]
[SourceTitle "Corr 2008"]
[Source "ChessBase"]
[SourceDate "2008.06.24"]
[SourceVersion "1"]
[SourceVersionDate "2008.06.24"]
[SourceQuality "1"]

1. d4 g6 2. c4 Bg7 3. Nc3 d6 4. e4 Nf6 5. Nf3 0-0 6. Be2 e5 7. 0-0 Nc6 8. d5 Ne7 9. Ne1 Nd7 10. Bd2 f5 11. f3 f4 12. Nd3 g5 13. b3 Rf6 14. Qe1 Rh6 15. Qf2 Nf6 16. Rac1 g4 17. fxg4 Nxg4 18. Bxg4 Bxg4 19. g3 Bh3 20. Rfe1 Qd7 21. gxf4 Rg6+ 22. Kh1 Bg2+ 23. Qxg2 Rxg2 24. Kxg2 Qg4+ 25. Kf2 exf4 26. Bxf4 Bd4+ 0-1